| 000 | 00987 a2200253 4500 | ||
|---|---|---|---|
| 003 | OSt | ||
| 005 | 20180116192401.0 | ||
| 008 | 120613t xxu||||| |||| 00| 0 eng d | ||
| 010 | _a 99053635 | ||
| 020 | _a3764361883 (Basel : acid-free paper) | ||
| 020 | _a0817661883 (Boston : acid-free paper) | ||
| 040 | _c0 | ||
| 082 | 0 | 0 | _a729.23 |
| 100 | 0 |
_aLe Corbusier, _94591 |
|
| 245 | 1 | 4 |
_aThe modulor : _ba harmonious measure to the human scale, universally applicable to architecture and mechanics / _cby Le Corbusier. _nVOL. 1 |
| 260 |
_aBasel ; _aBoston : _bBirkhäuser, _cc2000. |
||
| 300 |
_aVol.1 : _bill. ; _c15 cm. |
||
| 500 | _aFacsimile reprint of the original edition from 1954 (vol. 1), 1958 (vol. 2) with title: Le modulor. | ||
| 500 | _aIncludes index. | ||
| 650 | 1 | 0 |
_aModular coordination (Architecture) _94592 |
| 650 | 1 | 0 |
_aRatio and proportion. _94593 |
| 942 |
_aSADA _cREF _kREF 729.23 LEC 2000 _2ddc |
||
| 999 |
_c353326 _d353326 |
||